[Event "UrFO-ch op"]
[Site "Cheliabinsk"]
[Date "2011.03.23"]
[Round "6"]
[White "Chernyshev, Sergej"]
[Black "Shnayder, Violetta"]
[Result "1-0"]
[WhiteElo "2104"]
[BlackElo "1870"]
[PlyCount "115"]
[EventDate "2011.03.19"]
[EventType "swiss"]
[EventRounds "9"]
[EventCountry "RUS"]
[SourceTitle "EXT 2012"]
[Source "ChessBase"]
[SourceDate "2011.11.24"]
[SourceVersion "1"]
[SourceVersionDate "2011.11.24"]
[SourceQuality "1"]

1. c4 Nf6 2. g3 g6 3. Bg2 Bg7 4. e4 d6 5. Ne2 0-0 6. Nbc3 e5 7. 0-0 c6 8. h3 Ne8 9. d3 f5 10. Be3 g5 11. exf5 Bxf5 12. Qd2 h6 13. d4 Nf6 14. Rad1 Na6 15. c5 e4 16. cxd6 Qxd6 17. d5 cxd5 18. Nxd5 Nxd5 19. Qxd5+ Qxd5 20. Rxd5 Nb4 21. Rb5 a5 22. a3 Nc6 23. Rd1 Ne5 24. Nd4 Rad8 25. Rxb7 Nc6 26. Rxg7+ Kxg7 27. Nxf5+ Rxf5 28. Rc1 Nd4 29. Rc7+ Rf7 30. Rxf7+ Kxf7 31. Bxe4 Ke6 32. Kg2 Ke5 33. Bb7 Ne6 34. Bf3 Rb8 35. Bd2 Nd4 36. Bc3 Rb3 37. Bd1 Rxc3 38. bxc3 Nb5 39. Kf3 Nxa3 40. Kg4 Nb1 41. c4 Kd4 42. f4 gxf4 43. gxf4 Nc3 44. Bb3 Ne4 45. Kf5 Nc5 46. Ba2 Kc3 47. Ke5 Kb2 48. Kd5 Nd7 49. c5 Kxa2 50. c6 Nb6+ 51. Kc5 Nc8 52. f5 a4 53. f6 a3 54. f7 Kb2 55. f8Q a2 56. Qxc8 Kb1 57. Qf5+ Kb2 58. Qf2+ 1-0

[Event "UrFO-ch op"]
[Site "Cheliabinsk"]
[Date "2011.03.20"]
[Round "3"]
[White "Artamonov, Valery"]
[Black "Chernyshev, Sergej"]
[Result "1-0"]
[WhiteElo "2278"]
[BlackElo "2104"]
[PlyCount "85"]
[EventDate "2011.03.19"]
[EventType "swiss"]
[EventRounds "9"]
[EventCountry "RUS"]
[SourceTitle "EXT 2012"]
[Source "ChessBase"]
[SourceDate "2011.11.24"]
[SourceVersion "1"]
[SourceVersionDate "2011.11.24"]
[SourceQuality "1"]

1. c4 Nf6 2. d4 g6 3. Nc3 Bg7 4. e4 d6 5. f4 0-0 6. Nf3 c5 7. d5 e6 8. Be2 exd5 9. cxd5 Re8 10. Nd2 c4 11. a4 Nbd7 12. 0-0 Nc5 13. Qc2 Nb3 14. Nxb3 Qb6+ 15. Kh1 cxb3 16. Qd3 Bg4 17. Bf3 Bxf3 18. gxf3 Nd7 19. Be3 Qb4 20. Rfc1 a6 21. a5 Rac8 22. Bd2 Nc5 23. Qe2 f5 24. Na4 Qd4 25. Nxc5 Rxc5 26. Bc3 Qc4 27. Qxc4 Rxc4 28. Bxg7 Rxc1+ 29. Rxc1 Kxg7 30. Rc4 Kf6 31. Kg2 h6 32. Kf2 g5 33. Ke3 g4 34. fxg4 fxg4 35. Rb4 Rc8 36. Rb6 Rc2 37. e5+ Ke7 38. Rxb7+ Ke8 39. e6 Rxh2 40. f5 Rh3+ 41. Kf4 Rf3+ 42. Kxg4 Rf2 43. Rxb3 1-0

[Event "Cheliabinsk-ch"]
[Site "Cheliabinsk"]
[Date "2011.01.15"]
[Round "2"]
[White "Chernyshev, Sergej"]
[Black "Fesenko, Vitaly"]
[Result "0-1"]
[WhiteElo "2125"]
[BlackElo "2219"]
[PlyCount "102"]
[EventDate "2011.01.13"]
[EventType "swiss"]
[EventRounds "9"]
[EventCountry "RUS"]
[SourceTitle "EXT 2012"]
[Source "ChessBase"]
[SourceDate "2011.11.24"]
[SourceVersion "1"]
[SourceVersionDate "2011.11.24"]
[SourceQuality "1"]

1. c4 e5 2. g3 c6 3. Nf3 e4 4. Nd4 d5 5. cxd5 cxd5 6. Nc3 Bc5 7. Nb3 Bb6 8. Bg2 Nf6 9. d3 e3 10. Bxe3 Bxe3 11. fxe3 0-0 12. 0-0 Nc6 13. Qd2 Re8 14. Kh1 Re5 15. Rf4 Ng4 16. e4 dxe4 17. Nxe4 Rh5 18. h4 f5 19. Rxg4 fxg4 20. Rf1 Bf5 21. Ng5 Bg6 22. Qf4 Qd7 23. Nc5 Qe7 24. Qc4+ Kh8 25. Nce6 h6 26. Be4 Bxe4+ 27. Nxe4 Ne5 28. Qb3 Ng6 29. Nf4 Nxf4 30. Rxf4 Rf8 31. Rxf8+ Qxf8 32. Kg2 Qe7 33. Qc4 Qd7 34. Qb4 Rf5 35. a3 Rf7 36. Qc5 b6 37. Qc3 Rf8 38. Qd2 Qf5 39. Qe1 Rc8 40. Qd1 Qe5 41. Qd2 Qd4 42. e3 Qd5 43. Kh2 Rd8 44. Nf2 Qf3 45. e4 Rf8 46. Nh1 Qf1 47. Qg2 Qxd3 48. Nf2 Qe2 49. Nh1 Qe3 50. Qc2 Rf1 51. Qg2 Rd1 0-1

[Event "Cheliabinsk Region-ch"]
[Site "Cheliabinsk"]
[Date "2008.03.08"]
[Round "8"]
[White "Suslova, Alena"]
[Black "Chernyshev, Sergej"]
[Result "1/2-1/2"]
[WhiteElo "2165"]
[BlackElo "2134"]
[PlyCount "24"]
[EventDate "2008.03.01"]
[EventType "swiss"]
[EventRounds "9"]
[EventCountry "RUS"]
[SourceTitle "CBM 123 Extra"]
[Source "ChessBase"]
[SourceDate "2008.05.06"]
[SourceVersion "1"]
[SourceVersionDate "2008.05.06"]
[SourceQuality "1"]

1. c4 c5 2. Nf3 Nf6 3. d4 cxd4 4. Nxd4 g6 5. Nc3 Bg7 6. g3 0-0 7. Bg2 d6 8. 0-0 Nbd7 9. b3 Nc5 10. Bb2 a6 11. Qd2 Rb8 12. Rad1 Ne6 1/2-1/2

[Event "Cheliabinsk Region-ch"]
[Site "Cheliabinsk"]
[Date "2008.03.06"]
[Round "6"]
[White "Savushkin, Vladimir"]
[Black "Chernyshev, Sergej"]
[Result "0-1"]
[WhiteElo "2025"]
[BlackElo "2134"]
[PlyCount "62"]
[EventDate "2008.03.01"]
[EventType "swiss"]
[EventRounds "9"]
[EventCountry "RUS"]
[SourceTitle "CBM 123 Extra"]
[Source "ChessBase"]
[SourceDate "2008.05.06"]
[SourceVersion "1"]
[SourceVersionDate "2008.05.06"]
[SourceQuality "1"]

1. e4 d5 2. exd5 Nf6 3. Nc3 Nxd5 4. Qf3 c6 5. Bc4 Nf6 6. h3 Nbd7 7. d4 Nb6 8. Bb3 e6 9. Nge2 Be7 10. Bd2 a5 11. a4 Nbd5 12. Nxd5 exd5 13. 0-0 Ne4 14. Bf4 g5 15. Be5 g4 16. hxg4 Rg8 17. Qd3 Bxg4 18. Ng3 Nxg3 19. Qxg3 Rg6 20. Qh2 Bf5 21. Rae1 Qd7 22. c4 Bd3 23. cxd5 Bxf1 24. Kxf1 cxd5 25. Qxh7 Re6 26. Bc2 Raa6 27. b3 Bf8 28. Qh8 Qe7 29. Qh3 f6 30. Bg6+ Kd8 31. Rc1 fxe5 0-1

[Event "Cheliabinsk Region-ch"]
[Site "Cheliabinsk"]
[Date "2008.03.01"]
[Round "1"]
[White "Chernyshev, Sergej"]
[Black "Oreshkin, Artem"]
[Result "1/2-1/2"]
[WhiteElo "2134"]
[BlackElo "2035"]
[PlyCount "31"]
[EventDate "2008.03.01"]
[EventType "swiss"]
[EventRounds "9"]
[EventCountry "RUS"]
[SourceTitle "CBM 123 Extra"]
[Source "ChessBase"]
[SourceDate "2008.05.06"]
[SourceVersion "1"]
[SourceVersionDate "2008.05.06"]
[SourceQuality "1"]

1. e4 e5 2. Nf3 Nc6 3. d4 exd4 4. Nxd4 Bc5 5. Be3 Qf6 6. c3 Bb6 7. Bc4 Nge7 8. 0-0 0-0 9. a4 a6 10. Nxc6 dxc6 11. Bxb6 cxb6 12. Qd4 Qxd4 13. cxd4 Be6 14. Bxe6 fxe6 15. Nc3 Rad8 16. Rad1 1/2-1/2